MARC details
| 000 -CABECERA |
| campo de control de longitud fija |
01075cam a22003014a 4500 |
| 003 - IDENTIFICADOR DEL NÚMERO DE CONTROL |
| campo de control |
UPN |
| 005 - FECHA Y HORA DE LA ÚLTIMA TRANSACCIÓN |
| campo de control |
20220919203749.0 |
| 008 - ELEMENTOS DE LONGITUD FIJA--INFORMACIÓN GENERAL |
| campo de control de longitud fija |
090212s2006 es r 000 0 spa d |
| 020 ## - NÚMERO INTERNACIONAL NORMALIZADO PARA LIBROS |
| Número Internacional Estándar del Libro |
8476697503 |
| 035 ## - NÚMERO DE CONTROL DEL SISTEMA |
| Número de control de sistema |
UPN01000169215 |
| 040 ## - FUENTE DE LA CATALOGACIÓN |
| Centro catalogador/agencia de origen |
UPN |
| Lengua de catalogación |
spa |
| Centro/agencia transcriptor |
UPN |
| 049 ## - COLECCIÓN |
| Colección |
CG |
| 050 #4 - SIGNATURA TOPOGRÁFICA DE LA BIBLIOTECA DEL CONGRESO |
| Número de clasificación |
DS119.76 |
| Número de documento/Ítem |
F34 |
| 100 1# - ASIENTO PRINCIPAL--NOMBRE PERSONAL |
| Nombre de persona |
Farhat-Naser, Sumaya Hanna, |
| Fechas asociadas al nombre |
1948- |
| 9 (RLIN) |
46422 |
| 245 10 - MENCIÓN DE TÍTULO |
| Título |
En la tierra de los olivos / |
| Mención de responsabilidad, etc. |
Sumaya Farhat -Naser ; traducción y prólogo de Anna Tortajada Orriols. |
| 250 ## - MENCIÓN DE EDICIÓN |
| Mención de edición |
Primera edición |
| 260 ## - PUBLICACIÓN, DISTRIBUCIÓN, ETC. |
| Lugar de publicación, distribución, etc. |
Barcelona, España : |
| Nombre del editor, distribuidor, etc. |
El Aleph, |
| Fecha de publicación, distribución, etc. |
2006. |
| 300 ## - DESCRIPCIÓN FÍSICA |
| Extensión |
237 páginas |
| 534 ## - NOTA SOBRE LA VERSIÓN ORIGINAL |
| Frase introductoria |
Título original: |
| Mención de título del original |
Verwurzelt im land der olivenbäume |
| 650 #4 - ASIENTO SECUNDARIO DE MATERIA - TERMINO TEMATICO |
| Término de materia o nombre geográfico como elemento de entrada |
Conflicto árabe-israelí |
| Subdivisión cronológica |
1993- |
| 9 (RLIN) |
10202 |
| 650 #4 - ASIENTO SECUNDARIO DE MATERIA - TERMINO TEMATICO |
| Término de materia o nombre geográfico como elemento de entrada |
Árabes palestinos |
| Subdivisión general |
Política y gobierno |
| 9 (RLIN) |
46364 |
| 650 #4 - ASIENTO SECUNDARIO DE MATERIA - TERMINO TEMATICO |
| Término de materia o nombre geográfico como elemento de entrada |
Árabes palestinos |
| Subdivisión general |
Condiciones sociales |
| 9 (RLIN) |
46363 |
| 650 #4 - ASIENTO SECUNDARIO DE MATERIA - TERMINO TEMATICO |
| Término de materia o nombre geográfico como elemento de entrada |
Mujeres árabes palestinas |
| Subdivisión de forma |
Biografía |
| 9 (RLIN) |
46365 |
| 700 1# - ASIENTO SECUNDARIO--NOMBRE DE PERSONAL |
| Nombre de persona |
Tortajada Orriols, Anna, |
| Fechas asociadas al nombre |
1957- |
| Término indicativo de función/relación |
traductora |
| -- |
prologuista |
| 9 (RLIN) |
32193 |
| 902 ## - ELEMENTOS DE DATOS B LOCAL, LDB (RLIN) |
| Modificó |
Carolina Alvarado/190922/M |
| 905 ## - TIPO DE MATERIAL |
| Tipo de material |
Libro |
| 942 ## - ELEMENTOS DE PUNTO DE ACCESO ADICIONAL (KOHA) |
| Fuente del sistema de clasificación o colocación |
Library of Congress Classification |
| Tipo de ítem Koha |
Libro |